000 00501nam a2200169Ia 4500
008 230917s9999||||xx |||||||||||||| ||und||
020 _cRS 995.00
040 _e5016296
_aMAIN
041 _aEnglish
082 _a891.432741 JR781A
100 _aजोशी, राजेश
245 0 _aअब तक सब
260 _aनई दिल्ली
_bराजकमल प्रकाशन
_c2022
300 _a383 p.
500 _a4976 03/01/2023 RAJ23/9920 05/01/2023 Main Budget
942 _cBK
999 _c8198
_d8198